| 000 | 00902cam a22002655a 4500 | ||
|---|---|---|---|
| 942 | _cBK | ||
| 999 |
_c440 _d440 |
||
| 001 | 17113826 | ||
| 003 | OSt | ||
| 005 | 20250420134810.0 | ||
| 008 | 120110s2012 nyu 000 0 eng | ||
| 010 | _a 2012930652 | ||
| 020 | _a9781447124993 | ||
| 040 |
_aDLC _cKCST |
||
| 042 | _apcc | ||
| 082 |
_a004.0151 _bMa Se |
||
| 100 | 1 |
_aMakinson, David. _94522 |
|
| 245 | 1 | 0 |
_aSets, logic and maths for computing / _cDavid Makinson. |
| 260 |
_aNew York : _bSpringer, _c2012. |
||
| 300 | _ap. cm. | ||
| 650 |
_aComputer science _xMathematics. _9636 |
||
| 856 | 4 | 2 |
_3Contributor biographical information _uhttp://www.loc.gov/catdir/enhancements/fy1318/2012930652-b.html |
| 856 | 4 | 2 |
_3Publisher description _uhttp://www.loc.gov/catdir/enhancements/fy1318/2012930652-d.html |
| 856 | 4 | 1 |
_3Table of contents only _uhttp://www.loc.gov/catdir/enhancements/fy1318/2012930652-t.html |
| 942 | _2ddc | ||